| 000 | 01068nam a2200265 a 4500 | ||
|---|---|---|---|
| 999 |
_c169048 _d169048 |
||
| 003 | BLK | ||
| 005 | 20250318142528.0 | ||
| 008 | 180411b bul|||||r ||||||| ||bul|| | ||
| 010 | _aKNG00177024000 | ||
| 040 | _aBLK | ||
| 041 |
_aBUL _cBUL |
||
| 080 |
_aБългарска литература _b821.163.2 _x-32 _z821.163.2-32 |
||
| 100 |
_aКостов, Александър Георгиев _d1927 - _gЖурналист. Военен, подполковник от резерва. Прозаик, поет, преводач от руски език _9265790 |
||
| 139 |
_aКостов, Александър Георгиев _bК 86 |
||
| 245 | 1 | 0 |
_aЛегенда за Средец _cАлександър Георгиев Костов |
| 257 | _aBGR | ||
| 260 |
_aСофия _bВоен. изд. _c1979 |
||
| 300 |
_a207 с. _c20 см |
||
| 380 | _aX | ||
| 852 |
_aЦб 96679 _bЦб |
||
| 856 | 4 |
_qpdf _i0.00 _ldisable |
|
| 942 |
_cKNG _n0 _s1 |
||
| 944 |
_aCR _c22.06.2015 _k30540 _lСевдалина Тодорова |
||
| 944 |
_aED _c12.09.2017 _kСевдалина_Василева |
||